Política cultural del gobierno de Chile
Guardado en:
| Formato: | Libro |
|---|---|
| Lenguaje: | español |
| Publicado: |
Santiago
Gabriela Mistral
1975
|
| Materias: | |
| Etiquetas: |
Agregar Etiqueta
Sin Etiquetas, Sea el primero en etiquetar este registro!
|
MARC
| LEADER | 00000nam a2200000 a 4500 | ||
|---|---|---|---|
| 001 | UCR4184 | ||
| 003 | CL-VaPUC | ||
| 008 | 980307e19750000CL |||||||||||||||||spa|d | ||
| 082 | 0 | 4 | |a 306.098 |b POL |2 21 |
| 245 | 1 | 0 | |a Política cultural del gobierno de Chile |
| 300 | |a 106 p | ||
| 942 | |c BK | ||
| 945 | |d 19980307 00:00:00 |a cmena | ||
| 260 | |a Santiago |b Gabriela Mistral |c 1975 | ||
| 500 | |a Donación del padre Enrique Pascal García Huidobro | ||
| 650 | 0 | |a Organizaciones culturales |9 350598 | |
| 650 | 0 | |a Administración cultural |9 383687 | |
| 650 | 0 | |a Política cultural |9 316492 | |
| 650 | 0 | |a Centros culturales |9 373824 | |
| 650 | 7 | |a ESTRATEGIAS |2 CL-VaPUC |9 342878 | |
| 651 | 7 | |a CHILE |2 CL-VaPUC |9 403896 | |
| 583 | |a last modification |c 19980307 00:00:00 |k Rodrigo Vera | ||
| 999 | |c 267135 |d 267133 | ||
| 952 | |0 0 |1 0 |4 0 |6 306_098000000000000_POL_1975 |7 0 |8 A |9 299324 |a BIBDER |b BIBDER |d 2019-11-20 |i 1958453 |o 306.098 POL 1975 |p 1958453 |r 2023-01-25 |w 2019-11-20 |y BK |k DER | ||